The Euro and the Battle of Ideas (Record no. 6424)

MARC details
005 - DATE AND TIME OF LATEST TRANSACTION
control field 20250629151115.0
020 ## - INTERNATIONAL STANDARD BOOK NUMBER
International Standard Book Number 978-0-691-17841-7
082 ## - DEWEY DECIMAL CLASSIFICATION NUMBER
Classification number 332.42 BRU
100 ## - MAIN ENTRY--PERSONAL NAME
Author name BRUNNERMEIER,M.K.
245 ## - TITLE STATEMENT
Title The Euro and the Battle of Ideas
260 ## - PUBLICATION, DISTRIBUTION, ETC.
Place of publication, distribution, etc. New Jersey,
Name of publisher, distributor, etc. Princeton University Press,
Date of publication, distribution, etc. 2016.
300 ## - PHYSICAL DESCRIPTION
Extent 442p.
Dimensions 24cm
700 ## - ADDED ENTRY--PERSONAL NAME
Other authors/Editors James,Harold
700 ## - ADDED ENTRY--PERSONAL NAME
Other authors/Editors Landau,Jean-Pierre
942 ## - ADDED ENTRY ELEMENTS (KOHA)
Source of classification or shelving scheme Dewey Decimal Classification
Koha item type Books
Holdings
Date last seen Total checkouts Full call number Barcode Cost, replacement price Price effective from Koha item type Lost status Source of classification or shelving scheme Damaged status Not for loan Withdrawn status Home library Current library Shelving location Date acquired Source of acquisition Cost, normal purchase price
06/29/2025   332.42 BRU MZA0002937 90000.00 06/29/2025 Books   Dewey Decimal Classification       CBE Mwanza CBE Mwanza General Collection 01/01/2025 TLSB Donation 30000.00
06/29/2025   332.42 BRU MZA0002938 90000.00 06/29/2025 Books   Dewey Decimal Classification       CBE Mwanza CBE Mwanza General Collection 01/01/2025 TLSB Donation 30000.00
06/29/2025   332.42 BRU MZA0002939 90000.00 06/29/2025 Books   Dewey Decimal Classification       CBE Mwanza CBE Mwanza General Collection 01/01/2025 TLSB Donation 30000.00